All Counties of the American Old West with a Map - Statistics

General Stats
  • This quiz has been taken 238 times
    235 since last reset
  • The average score is 72 of 377
Answers on the Map
Answers color-coded by a green-red scale on the quiz's map according to % correct below.
 
Answer Stats
County % Correct
Los Angeles
91%
San Francisco
89%
San Diego
80%
El Paso
78%
Salt Lake
76%
Washington
73%
Sacramento
66%
Lincoln
64%
Santa Fe
64%
Boise
62%
Jefferson
61%
Ada
59%
San Bernardino
59%
Cheyenne
56%
Fresno
55%
Carson
54%
Idaho
53%
Santa Barbara
53%
Jackson
52%
Clark
50%
Nevada
48%
Spokane
48%
Madison
47%
King
45%
San Juan
45%
Rio Grande
44%
Lake
43%
Baker
41%
Grant
41%
Santa Clara
41%
Santa Cruz
41%
Yuma
41%
Johnson
40%
Maricopa
39%
Monterey
39%
Utah
39%
Lubbock
38%
Apache
37%
Sioux
37%
Lewis
35%
Alameda
34%
San Luis Obispo
34%
Tom Green
34%
Ventura
34%
Napa
33%
Polk
33%
Kansas
32%
Sierra
32%
Billings
31%
Boulder
31%
Eureka
31%
Yakima
31%
Butte
30%
Ormsby
30%
Pierce
30%
Pueblo
30%
San Mateo
30%
Hamilton
29%
Laramie
29%
Taylor
29%
Elko
28%
Grand
28%
Missoula
28%
Mohave
28%
Walla Walla
27%
Columbia
26%
Humboldt
26%
Inyo
26%
Kern
26%
Marin
26%
Davis
24%
Nye
24%
Pima
24%
Alpine
23%
Contra Costa
23%
Douglas
23%
Mono
23%
Shasta
23%
Shoshone
23%
Yolo
23%
Fremont
22%
Gray
22%
Mariposa
22%
Merced
22%
Pacific
22%
San Joaquin
22%
Sonoma
22%
Williams
22%
Yuba
22%
Hayes
21%
Washoe
21%
Del Norte
20%
Park
20%
Rich
20%
Sherman
20%
Snohomish
20%
Taos
20%
Tulare
20%
Custer
19%
Island
19%
Nez Perce
19%
Pecos
19%
Sheridan
19%
Stanislaus
19%
Sutter
19%
Trinity
19%
Beaver
18%
Kent
18%
Lewis and Clark
18%
Mendocino
18%
Modoc
18%
Multnomah
18%
Siskiyou
18%
Union
18%
Yavapai
18%
Bernalillo
17%
El Dorado
17%
Lassen
17%
San Benito
17%
Solano
17%
Whatcom
17%
Wichita
17%
Calaveras
16%
Jones
16%
Pinal
16%
Placer
16%
San Miguel
16%
Scott
16%
Amador
15%
Arapahoe
15%
Chehalis
15%
Iron
15%
Plumas
15%
Summit
15%
Tehama
15%
Thomas
15%
Tuolumne
15%
Buffalo
14%
Carbon
14%
Churchill
14%
Clackamas
14%
Colusa
14%
Coos
14%
Doña Ana
14%
Ford
14%
Greeley
14%
Lyon
14%
Mason
14%
Morgan
14%
Owyhee
14%
Uinta
14%
White Pine
14%
Albany
13%
Bent
13%
Box Elder
13%
Esmeralda
13%
Juab
13%
Kitsap
13%
Martin
13%
Skamania
13%
Thurston
13%
Tooele
13%
Uvalde
13%
Klickitat
12%
Kootenai
12%
Lander
12%
Larimer
12%
Tillamook
12%
Benton
11%
Clallam
11%
Colfax
11%
Cowlitz
11%
Curry
11%
Deer Lodge
11%
Edwards
11%
Huerfano
11%
Josephine
11%
Lane
11%
Millard
11%
Presidio
11%
Roberts
11%
Storey
11%
Uintah
11%
Umatilla
11%
Beaverhead
10%
Cache
10%
Chaffee
10%
Clatsop
10%
Costilla
10%
Crockett
10%
Gallatin
10%
Gunnison
10%
Howard
10%
Kearney
10%
Las Animas
10%
Linn
10%
Marion
10%
Sanpete
10%
Seward
10%
Socorro
10%
Stevens
10%
Valencia
10%
Wahkiakum
10%
Wasatch
10%
Wasco
10%
Weld
10%
Whitman
10%
Yamhill
10%
Andrews
9%
Bear Lake
9%
Clear Creek
9%
Conejos
9%
Crook
9%
Deaf Smith
9%
Elbert
9%
Gilpin
9%
Graham
9%
Maverick
9%
Mora
9%
Morton
9%
Ouray
9%
Pennington
9%
Piute
9%
Potter
9%
Rio Arriba
9%
Saguache
9%
Sweetwater
9%
Weber
9%
Wheeler
9%
Dawson
8%
Emery
8%
Frontier
8%
La Plata
8%
Lawrence
8%
Lemhi
8%
Meagher
8%
Mitchell
8%
Sevier
8%
Wallace
8%
Webb
8%
Cassia
7%
Castro
7%
Chase
7%
Dundy
7%
Fisher
7%
Gaines
7%
Hall
7%
Hinsdale
7%
Kane
7%
Lynn
7%
Meade
7%
Moore
7%
Norton
7%
Ochiltree
7%
Oneida
7%
Randall
7%
Routt
7%
Stanton
7%
Zavala
7%
Armstrong
6%
Bailey
6%
Borden
6%
Briscoe
6%
Burleigh
6%
Childress
6%
Cochran
6%
Collingsworth
6%
Concho
6%
Cottle
6%
Crosby
6%
Dallam
6%
Decatur
6%
Dickens
6%
Dimmit
6%
Floyd
6%
Furnas
6%
Gosper
6%
Hale
6%
Hartley
6%
Hemphill
6%
Hitchcock
6%
Hodgeman
6%
Hughes
6%
Hutchinson
6%
Kimble
6%
Kinney
6%
Lamb
6%
Lipscomb
6%
McHenry
6%
Menard
6%
Mercer
6%
Motley
6%
Ness
6%
Nolan
6%
Oldham
6%
Parmer
6%
Rawlins
6%
Red Willow
6%
Rolette
6%
Shannon
6%
Stonewall
6%
Sully
6%
Swisher
6%
Terry
6%
Trego
6%
Yoakum
6%
Campbell
5%
Donley
5%
Emmons
5%
Garza
5%
Gove
5%
Hansford
5%
Hockley
5%
Keith
5%
Renville
5%
Runnels
5%
Scurry
5%
Stanley
5%
Stark
5%
Tripp
5%
Walworth
5%
Alturas
4%
Sequoyah
4%
Mandan
3%
Meyer
3%
Pratt
3%
Ziebach
3%
Boreman
2%
Botineau
2%
Choteau
2%
Delano
2%
Lugenbeel
2%
Roop
2%
Rusk
2%
White River
2%
De Smet
1%
Foote
1%
Forsythe
1%
Gingras
1%
Mountraille
1%
Presho
1%
Wallette
1%
No matching quizzes found
Score Distribution
Percent of People with Each Score
Percentile by Number Answered
Your Score History
You have not taken this quiz since the last reset